| 000 | 00573nam a2200169Ia 4500 | ||
|---|---|---|---|
| 003 | GCL | ||
| 008 | 140319s9999 xx 000 0 ara d | ||
| 040 |
_aGCL / _cGCL |
||
| 082 | 0 | 4 |
_a953.02 _bخ ت |
| 100 | 1 | _aخليل عبدالحميد عبدالعال | |
| 245 | 1 | 0 |
_aتاريخ الشعوب الاسلامية / _cخليل عبدالحميد عبدالعال |
| 300 | _a469 ص | ||
| 490 |
_aكتاب _v0 |
||
| 650 | 0 | 4 | _aالحضارة العربية الاسلامية - المعارف البحرية |
| 650 | 0 | 4 | _aالحضارة الاسلامية |
| 942 |
_2ddc _cBK |
||
| 999 |
_c41206 _d41206 |
||